| 000 | 01023nam a2200229 i 4500 | ||
|---|---|---|---|
| 001 | bg | ||
| 245 | 0 | 0 |
_aWdrażanie polityki ekorozwoju : _bmateriały pokonferencyjne z konferencji Stowarzyszenia w dniach 19-20 V 1995 w Akademii Górniczo-Hutniczej im. Stanisława Staszica / _cEuropejskie Stowarzyszenie Ekonomistów Środowiska i Zasobów Naturalnych. Oddział Polski. |
| 260 |
_aKraków : _bESEŚiZN. OP, _c1996. |
||
| 300 |
_a165 s. : _bmapy, wykr. ; _c24 cm. |
||
| 490 | 1 |
_aBiblioteka "Ekonomia i Środowisko" ; _vnr 20 |
|
| 504 | _aBibliogr. przy ref. | ||
| 650 | 9 |
_aGospodarka terenowa _zPolska _yod 1980 r. |
|
| 650 | 9 |
_aPrzemysł a środowisko człowieka _zPolska _yod 1980 r. |
|
| 650 | 9 |
_aŚrodowisko człowieka _xhigiena i ochrona _xpolityka _zPolska _yod 1980 r. |
|
| 655 | _aMateriały konferencyjne | ||
| 830 | _aBiblioteka "Ekonomia i Środowisko" ; | ||
| 040 | _cBPK | ||
| 041 | 0 | _apl | |
| 080 | _a504.06:338.45:332.1](438)"1980/..."(061.3) | ||
| 942 | _cKS | ||
| 008 | s pl f |000 0 pol | ||
| 999 |
_c32569 _d32569 |
||
| 856 |
_uhttp://koha.tu.koszalin.pl/cgi-bin/koha/opac-detail.pl?biblionumber=32569 _yKatalog online BPK |
||